000
00300nam a22001337a 4500
008
171005b xxu||||| |||| 00| 0 eng d
020
_a
9780073382647
041
_a
eng
080
_2
4TH
_a
519.9
100
_a
48
101
_a
PSI
245
_a
LIFE-SPAN DEVELOPMENT
_c
SANTROCK,J.W
942
_2
udc
_c
BK
999
_c
31877
_d
31877